INSAR : information summary on archives information summary on archives
MARC
| LEADER | 00000nas a2200000 a 4500 | ||
|---|---|---|---|
| 001 | 28092 ; 28093 | ||
| 003 | AGDB | ||
| 005 | 20260324181508.0 | ||
| 008 | 160829s1996 - xx 000 0 cat d | ||
| 008 | 160829s9999 xx 000 0 cat d | ||
| 040 | |a agdb |b cat | ||
| 041 | |a eng |a fre | ||
| 110 | |a Comissió Europea. |b Secretaria General |9 69825 | ||
| 245 | |a INSAR : |b information summary on archives | ||
| 260 | |a Brussel·les : |b Secretariat General de la Comissió Europea ; |c 1996 - | ||
| 300 | |a 2 carpetes ; 12 vols. ; |b il·lustracions ; periodicitat: semestral ; |c 42 cm | ||
| 310 | |a Semestral | ||
| 362 | |a No. 1 (Spring 1996)- | ||
| 546 | |a Textos en anglès i francès. | ||
| 590 | |a Semestral. | ||
| 590 | |a Suplement: INSAR. Supplément | ||
| 650 | |a Arxius |x Comunitat Econòmica Europea, Països de la |x Revistes |9 35781 | ||
| 650 | 0 | |a Arxivística |x Revistes |9 35784 |2 Arxiu | |
| 650 | 0 | |a Arxius |x Revistes |9 45769 | |
| 655 | 0 | |9 55823 |a Revistes | |
| 866 | |a 1996 (1, 2) | ||
| 866 | |a 1997 (3, 4) | ||
| 866 | |a 1998 (4, 5, 6) | ||
| 866 | |a 1999 (6, 7) | ||
| 866 | |a 2000 (7, 8) | ||
| 866 | |a 2001 (9) | ||
| 866 | |a Suplements 1997 (2, 3) ; 2002 (6) | ||
| 901 | |a Arxiu | ||
| 942 | |n 1 |2 udc |c REV | ||
| 952 | |0 0 |1 0 |2 udc |4 0 |6 REV2214 |7 1 |9 47069 |a Arxiu |b Arxiu |d 2016-12-01 |h Núm. 1 (1996) - Núm. 9 (2001) |o Rev-2214 |p 28092 |r 2016-12-01 00:00:00 |w 2016-12-01 |y ARXIU | ||
| 952 | |0 0 |1 0 |2 udc |4 0 |7 1 |9 95951 |a Arxiu |b Arxiu |d 2023-07-11 |h Suplements 2 (1997), 3 (1997) i 6 (2002) |o Rev-2215 |p 28093 |r 2023-07-11 00:00:00 |w 2023-07-11 |y ARXIU | ||
| 999 | |c 50863 |d 50863 | ||